Festival organovej hry

Podrobná bibliografia
Hlavný autor: Vavro, Robert (Author)
Médium: Článok
Jazyk:Slovak
Témy:
Zdroj: 1. Evanjelický posol spod Tatier 1. Roč. 87, č. 41(1997), s. 5
LEADER 00787nab#a2200301#ar4500
001 000040721
003 SVKKK
005 00000000000000.0
008 c xo e sloo
FMT
038 |a SVKKK 
040 |a SVKKK  |b slo  |e AACR2 
041 0 |a slo 
044 |a xo  |c SK 
080 |a 786.  |2 1981 
100 1 |a Vavro, Robert  |4 aut 
245 1 0 |a Festival organovej hry  |c Vavro Robert, 
650 0 4 |a hudba organová  |x festival medzinárodný  |x ročník 6.  |z Spišská Nová Ves  |x program  |x informácie 
650 0 4 |a organy historické 
773 0 |t Evanjelický posol spod Tatier  |g Roč. 87, č. 41(1997), s. 5 
957 |a Spišská Nová Ves 
958 |a SN 
958 |a SV 
974 |d 971105  |a SAB 
992 |a RBX 
BAS
852 |a SVKKK  |b BIB 
998 |a REG